Industry 4.0 – Tendency towards Smart Production and Logistics
Skúmanie, ako Industry 4.0 mení smerovanie podniku k digitálnej výrobe a logistike. Tendencia smerovania digitalizácie v podobe Industry 4.0 do výroby a logistiky.
Gespeichert in:
| 1. Verfasser: | |
|---|---|
| Weitere Verfasser: | , |
| Format: | Buchkapitel |
| Sprache: | Slowakisch |
| Schlagworte: | |
| Tags: |
Keine Tags, Fügen Sie das erste Tag hinzu!
|
MARC
| LEADER | 00000naa$a2200000$$$4500 | ||
|---|---|---|---|
| 001 | 0271000 | ||
| 005 | 20240521101237.1 | ||
| 041 | 0 | |a slo | |
| 044 | |a PL | ||
| 245 | 1 | 0 | |a Industry 4.0 – Tendency towards Smart Production and Logistics |c Patrik Richnák, Klaudia Gubová, Peter Čaniga |
| 520 | |a Skúmanie, ako Industry 4.0 mení smerovanie podniku k digitálnej výrobe a logistike. Tendencia smerovania digitalizácie v podobe Industry 4.0 do výroby a logistiky. | ||
| 610 | 2 | 0 | |a priemysel 4.0 |
| 610 | 2 | 0 | |a podnik |
| 610 | 2 | 0 | |a digitalizácia |
| 610 | 2 | 0 | |a revolúcia priemyselná |
| 100 | 1 | |a Richnák, Patrik, 1988- | |
| 700 | 1 | |a Gubová, Klaudia, 1986- | |
| 700 | 1 | |a Čaniga, Peter | |